书目信息 |
| 题名: |
特殊函数
|
|
| 作者: | 小谷正雄 著 ;钱端壮 译 | |
| 分册: | ||
| 出版信息: | 上海 上海科学技术出版社 1962.03 |
|
| 页数: | 229页 | |
| 开本: | 20cm | |
| 丛书名: | 现代应用数学丛书 | |
| 单 册: | ||
| 中图分类: | O174.6 | |
| 科图分类: | ||
| 主题词: | 数学分析 | |
| 电子资源: | ||
| ISBN: | ||
| 000 | 00698nam0 2200229 450 | |
| 001 | 0639685703 | |
| 005 | 20060727110502.57 | |
| 010 | @dCNY1.25 | |
| 100 | @a20060727d1962 km y0chiy0120 ea | |
| 101 | 0 | @achi@cjpn |
| 102 | @aCN@b310000 | |
| 200 | 1 | @a特殊函数@Ate shu han shu@f(日)小谷正雄等著@F(ri)xiao gu zheng xiong deng zhu@g钱端壮译@Gqian duan zhuang yi |
| 210 | @a上海@c上海科学技术出版社@d1962.03 | |
| 215 | @a229页@d20cm | |
| 225 | 2 | @a现代应用数学丛书 |
| 410 | 0 | @12001 @a现代应用数学丛书 |
| 606 | 0 | @a数学分析 |
| 690 | @aO174.6@v3 | |
| 701 | 0 | @a小谷正雄@Axiao gu zheng xiong@4著 |
| 702 | 0 | @a钱端壮@Aqian duan zhuang@4译 |
| 801 | 0 | @aCN@bPFT@c20060727 |
| 905 | @a10447@dO174.6@e154 | |
| 特殊函数/(日)小谷正雄等著/钱端壮译.-上海:上海科学技术出版社,1962.03 |
| 229页;20cm.-(现代应用数学丛书) |
| ISBN :CNY1.25 |
| ● |
| 相关链接 |
|
|
|
|
正题名:特殊函数
索取号:O174.6/154
 
预约/预借
| 序号 | 登录号 | 条形码 | 馆藏地/架位号 | 状态 | 备注 |
| 1 | 0442389 | 204423891 | 密集书库/ [索取号:O174.6/154] | 在馆 |